header

Financial globalization and exchange rates (Record no. 68626)

MARC details
000 -LEADER
fixed length control field 01408nam a2200337 a 4500
100 1# - MAIN ENTRY--AUTHOR NAME
Personal name Lane, Philip R.,
245 10 - TITLE STATEMENT
Title Financial globalization and exchange rates
260 ## - PUBLICATION, DISTRIBUTION, ETC. (IMPRINT)
Place of publication Washington, D.C. :
Name of publisher International Monetary Fund, Research Dept.,
Year of publication 2005.
300 ## - PHYSICAL DESCRIPTION
Number of Pages 45 p. :
Other physical details ill.
490 1# - SERIES STATEMENT
Series statement IMF working paper ;
500 ## - GENERAL NOTE
General note "January 2005."
650 #0 - SUBJECT ADDED ENTRY--TOPICAL TERM
Topical Term International economic integration.
Topical Term Foreign exchange rates.
Topical Term Capital movements.
700 1# - ADDED ENTRY--PERSONAL NAME
Personal name Milesi-Ferretti, Gian Maria.
856 40 - ELECTRONIC LOCATION AND ACCESS
Uniform Resource Identifier http://site.ebrary.com/lib/rucke/Doc?id=10302960

No items available.

© 2026 Rongo University
Contact us: librarian | system librarian | Rongo university